Príncipes de Asturias - Estadísticas

Estadísticas generales
  • Esta prueba ha sido intentada 56 veces
  • La puntuación promedio es 33 de 40
Estadísticas de respuestas
Período Nombre % Correcto
1528-1556 Felipe de Austria
100%
1584-1598 Felipe de Austria
100%
1608-1621 Felipe de Austria
100%
1977-2014 Felipe de Borbón
100%
1657-1661 Felipe Próspero de Austria
100%
2014-Act. Leonor de Borbón
100%
1424-1425 Leonor de Castilla
100%
1480-1497 Juan de Aragón
98%
1933-1941 Juan de Borbón
98%
1405-1406 Juan de Castilla
98%
1573-1578 Fernando de Austria
96%
1724-1746 Fernando de Borbón
96%
1789-1808 Fernando de Borbón
96%
1506-1516 Carlos de Austria
94%
1560-1568 Carlos de Austria
94%
1661-1665 Carlos de Austria
94%
1760-1788 Carlos de Borbón
94%
1476-1480 Isabel de Aragón
94%
1498-1498 Isabel de Aragón
94%
1830-1833 Isabel de Borbón
94%
1851-1857 Isabel de Borbón
94%
1875-1880 Isabel de Borbón
94%
1468-1474 Isabel de Castilla
94%
1857-1870 Alfonso de Borbón
90%
1907-1933 Alfonso de Borbón
90%
1464-1465 Alfonso de Castilla
90%
1941-1975 Juan Carlos de Borbón
87%
1709-1724 Luis de Borbón
81%
1502-1504 Juana de Aragón
69%
1462-1464 Juana de Castilla
69%
1470-1475 Juana de Castilla
69%
1402-1405 María de Castilla
63%
1881-1904 María de las Mercedes de Borbón
63%
1388-1390 Enrique de Castilla
50%
1425-1454 Enrique de Castilla
50%
1423-1424 Catalina de Castilla
37%
1632-1646 Baltasar Carlos de Austria
35%
1871-1873 Manuel Filiberto de Saboya
33%
1499-1500 Miguel de la Paz de Portugal
29%
1580-1582 Diego de Austria
27%
No se encontraron pruebas coincidentes
Distribución de puntuación
Porcentaje de gente con cada puntuación
Porcentaje por número respondido
Historial de tus puntuaciones
No has intentado esta prueba.